Independance de l'economie nationale et interdependance des nations

Gespeichert in:
Bibliographische Detailangaben
Format: Buch
Sprache:Undetermined
Veröffentlicht: Paris Aubier Montaigne 1969
Schlagworte:
Tags: Tag hinzufügen
Keine Tags, Fügen Sie den ersten Tag hinzu!
Thư viện lưu trữ: Trung tâm Học liệu Trường Đại học Cần Thơ
LEADER 00475nam a2200157Ia 4500
001 CTU_82285
008 210402s9999 xx 000 0 und d
082 |a 382.3 
082 |b P461 
245 0 |a Independance de l'economie nationale et interdependance des nations 
260 |a Paris 
260 |b Aubier Montaigne 
260 |c 1969 
650 |a Autarchy,International economic relations 
904 |i Trọng Hải 
980 |a Trung tâm Học liệu Trường Đại học Cần Thơ